000 00492nam a2200181Ia 4500
005 20250508150807.0
008 008 250505s9999 xx 000 0 eng d
037 _aTextual
040 _aFEDL
_beng
_cFEDL
041 _aeng
_2eng
084 _a304, CHI
_qFEDL
100 _aChilde V.Gordon
_9757664
245 0 _aSocial worlds of knowledge
260 _aLondon, UK
_bOxford Univeristy Press
_c1949
300 _a26p.
942 _cTEXL
_h304, CHI
999 _c1325702
_d1325702